Normal view MARC view
  • Loksankhya va Samaj

Entry Topical Term

Number of records used in: 1

001 - CONTROL NUMBER

  • control field: 73706

003 - CONTROL NUMBER IDENTIFIER

  • control field: OSt

005 - DATE AND TIME OF LATEST TRANSACTION

  • control field: 20220806112546.0

008 - FIXED-LENGTH DATA ELEMENTS

  • fixed length control field: 220806|| aca||aabn | a|a d

040 ## - CATALOGING SOURCE

  • Original cataloging agency: OSt
  • Transcribing agency: OSt

150 ## - HEADING--TOPICAL TERM

  • Topical term or geographic name entry element: Loksankhya va Samaj

670 ## - SOURCE DATA FOUND

  • Source citation: Work cat.: (OSt)41082: जगताप. वा. शं. 73705, समाजशास्त्र (लोकसंख्या आणि समाज), 2014